| 000 | 00618nam 22001813 4500 | ||
|---|---|---|---|
| 001 | 200753 | ||
| 090 | _a200753 | ||
| 100 | _a20250915d u||y0pory50 ba | ||
| 101 | _apor | ||
| 102 | _aPT | ||
| 200 |
_aOs Lusíadas ou a navegação desventurosa _fVilma Areas |
||
| 300 | _aOferta com dedicatória da escritora para o Prof. Almeida Faria | ||
| 461 |
_hvol. 3. - [16] p. _tseparata da revista Camoniana, 2ª Série. São Paulo, 1980, vol. 3 |
||
| 606 |
_911269 _aQuestões gerais em linguística e literatura. Filologia |
||
| 700 |
_916492 _aArêas _bVilma _f1936- |
||
| 801 |
_aPT _bBMMN _gRPC |
||
| 990 | _cARTIGOS | ||